000 00743nam a22002177a 4500
999 _c12010
_d12010
003 AR-CdUCM
008 190405b ||||| |||| 00| 0 spa d
040 _aMUNICIPALIDAD PROVINCIAL DEL CUSCO
_cBIBLIOTECA MUNICIPAL DEL CUSCO
082 _22ed.
_a869.56 /
_bF18 / 1928
100 _aFalcón César
_929664
245 _aPlantel de inválidos :
_bNovelas /
260 _aMadrid :
_bImpr. Argis,
_c1928.
300 _a202 paginas ;
_c19 cm.
500 _aDonación familia Nieto
505 _aContenido :Los buenos hijos de dios --Un padre ilustre --Las dos hermanas --Sergio Toral --Mi hermana Jacoba /
650 _aLiteratura peruana
_9169
650 _aNovelas
_9218
650 _aSiglo XX
_98
942 _2ddc
_cLIBROS
945 _arjall